[Event "Canadian zt (Women)"]
[Site "Toronto"]
[Date "2024.04.01"]
[Round "7"]
[White "Glenda, Baylon"]
[Black "Gao, Lucy"]
[Result "1/2-1/2"]
[WhiteElo "1885"]
[BlackElo "1808"]
[PlyCount "38"]
[EventDate "2024.03.28"]
[EventType "team-swiss"]
[EventRounds "9"]
[EventCountry "CAN"]
[SourceTitle "CB15_2024"]
[SourceDate "2024.04.10"]
[SourceVersion "1"]
[SourceVersionDate "2024.04.10"]
[SourceQuality "1"]

1. d4 Nf6 2. c4 e6 3. Nc3 Bb4 4. Bd2 b6 5. Nf3 Bb7 6. e3 0-0 7. Be2 d6 8. 0-0 Nbd7 9. a3 Bxc3 10. Bxc3 Ne4 11. Nd2 f5 12. Nxe4 Bxe4 13. f3 Bb7 14. Qc2 Qg5 15. Bd2 Rf6 16. e4 Qh4 17. Be1 Qg5 18. Bd2 Qh4 19. Be1 Qg5 1/2-1/2

[Event "Pan American-ch School U15 Girls 12th"]
[Site "Callao"]
[Date "2023.10.21"]
[Round "9"]
[White "Acuna Alarcon, Claudia Micaela"]
[Black "Gao, Lucy"]
[Result "1/2-1/2"]
[WhiteElo "1496"]
[BlackElo "1650"]
[PlyCount "65"]
[EventDate "2023.10.16"]
[EventType "swiss"]
[EventRounds "9"]
[EventCountry "PER"]
[SourceTitle "Mega2024 Update 01"]
[Source "Chessbase"]
[SourceDate "2023.11.12"]
[SourceVersion "1"]
[SourceVersionDate "2023.11.12"]
[SourceQuality "1"]

1. d4 Nf6 2. c4 e6 3. Nf3 Bb4+ 4. Nbd2 b6 5. a3 Bxd2+ 6. Qxd2 Bb7 7. e3 Ne4 8. Qc2 a5 9. b3 f5 10. Bb2 d6 11. Be2 Nd7 12. Rc1 Ndf6 13. h3 0-0 14. 0-0 Qe8 15. Ne1 Qg6 16. f3 Ng3 17. Rf2 Qg5 18. Qd3 Rad8 19. Rd1 Nfh5 20. Bc1 Qh4 21. Qc2 Nh1 22. Nd3 Nxf2 23. Nxf2 Rf6 24. e4 Rdf8 25. d5 Bc8 26. Be3 Rg6 27. Bf1 f4 28. Bd2 e5 29. Be1 Qg5 30. Ng4 Nf6 31. Be2 Bd7 32. Bf2 Bc8 33. b4 1/2-1/2

[Event "Pan American-ch School U15 Girls 12th"]
[Site "Callao"]
[Date "2023.10.17"]
[Round "3"]
[White "Mayeregger Gonzalez, Fiorella Allegra"]
[Black "Gao, Lucy"]
[Result "0-1"]
[WhiteElo "1471"]
[BlackElo "1650"]
[PlyCount "112"]
[EventDate "2023.10.16"]
[EventType "swiss"]
[EventRounds "9"]
[EventCountry "PER"]
[SourceTitle "Mega2024 Update 01"]
[Source "Chessbase"]
[SourceDate "2023.11.12"]
[SourceVersion "1"]
[SourceVersionDate "2023.11.12"]
[SourceQuality "1"]

1. e4 c5 2. Nf3 g6 3. Nc3 Bg7 4. d4 cxd4 5. Nxd4 Nc6 6. Nb3 Nf6 7. Be2 d6 8. 0-0 0-0 9. Bg5 Be6 10. Kh1 Rc8 11. f4 a6 12. Bf3 Nd7 13. f5 Bc4 14. Rf2 Nde5 15. Rd2 b5 16. Rb1 Qc7 17. a3 a5 18. Nd5 Bxd5 19. Rxd5 Rb8 20. Be2 Nc4 21. c3 N4e5 22. Nd4 Qd7 23. Nb3 gxf5 24. exf5 Qxf5 25. Bc4 bxc4 26. Bxe7 Rxb3 27. Bxf8 Bxf8 28. Rxa5 Qf4 29. Qe2 Qf5 30. Rd1 h6 31. h3 Qf4 32. Rad5 Nd3 33. Rd2 Bg7 34. R5xd3 cxd3 35. Qxd3 Rxb2 36. Rxb2 Qc1+ 37. Kh2 Be5+ 38. g3 Qxb2+ 39. Kh1 Qxa3 40. Qf3 Qxc3 41. Qg4+ Kf8 42. Kg2 Qd2+ 43. Kf1 Qd3+ 44. Kg2 Qd5+ 45. Kh2 Qd2+ 46. Kh1 Qe1+ 47. Kg2 Qxg3+ 48. Qxg3 Bxg3 49. Kxg3 Kg7 50. Kf4 Kf6 51. Kg4 Ke5 52. Kh5 d5 53. Kxh6 d4 54. h4 d3 55. h5 d2 56. Kh7 d1Q 0-1

[Event "Pan American-ch School U15 Girls 12th"]
[Site "Callao"]
[Date "2023.10.16"]
[Round "1"]
[White "Obregon Castellanos, Carla Victo"]
[Black "Gao, Lucy"]
[Result "0-1"]
[WhiteElo "1253"]
[BlackElo "1650"]
[PlyCount "60"]
[EventDate "2023.10.16"]
[EventType "swiss"]
[EventRounds "9"]
[EventCountry "PER"]
[SourceTitle "Mega2024 Update 01"]
[Source "Chessbase"]
[SourceDate "2023.11.12"]
[SourceVersion "1"]
[SourceVersionDate "2023.11.12"]
[SourceQuality "1"]

1. e4 c5 2. Nf3 g6 3. d4 cxd4 4. Nxd4 Nc6 5. Be3 Nf6 6. Nc3 Bg7 7. Be2 0-0 8. 0-0 d6 9. Nb3 Bd7 10. f4 Rc8 11. Kh1 h5 12. Bf3 Kh7 13. f5 Rh8 14. fxg6+ fxg6 15. Qd2 Ne5 16. Be2 b6 17. h3 Bc6 18. Bd3 Bb7 19. Nd4 Nc4 20. Qc1 Qd7 21. Bg5 Rhf8 22. b3 Ne5 23. Bb5 Qc7 24. Nd5 Nxd5 25. Rxf8 Bxf8 26. Ne6 Qc3 27. Nxf8+ Rxf8 28. exd5 Bxd5 29. Kg1 Qg3 30. Qe3 Qxg2# 0-1

[Event "World ol U16"]
[Site "Eindhoven"]
[Date "2023.08.16"]
[Round "6.14"]
[White "Patole, Noam"]
[Black "Gao, Lucy"]
[Result "1-0"]
[WhiteElo "2228"]
[BlackElo "1618"]
[PlyCount "113"]
[EventDate "2023.08.13"]
[EventType "team-swiss"]
[EventRounds "9"]
[EventCountry "NED"]
[SourceTitle "CBM 215 Extra"]
[Source "ChessBase"]
[SourceDate "2023.09.30"]
[SourceVersion "1"]
[SourceVersionDate "2023.09.30"]
[SourceQuality "1"]
[WhiteTeam "France"]
[BlackTeam "Canada II"]
[WhiteTeamCountry "FRA"]
[BlackTeamCountry "CAN"]

1. e4 c5 2. Nf3 g6 3. Nc3 Bg7 4. d4 cxd4 5. Nxd4 Nc6 6. Be3 Nf6 7. Nxc6 bxc6 8. e5 Ng8 9. Bd4 f6 10. f4 Nh6 11. Qd2 0-0 12. 0-0-0 Nf5 13. exf6 exf6 14. Bc5 Re8 15. g4 Nh6 16. Bc4+ Kh8 17. Bd6 Bf8 18. h3 a5 19. Rhe1 Rxe1 20. Rxe1 Ba6 21. Bxf8 Qxf8 22. Bxa6 Rxa6 23. Qxd7 Ng8 24. Re8 Qb4 25. Rxg8+ Kxg8 26. Qc8+ Kg7 27. Qxa6 Qxf4+ 28. Kb1 Qg3 29. Qf1 f5 30. gxf5 gxf5 31. a3 Kg6 32. Ne2 Qe3 33. Qg2+ Kf7 34. Qh2 c5 35. Qc7+ Qe7 36. Qxe7+ Kxe7 37. Kc1 Kf6 38. Kd2 Kg5 39. Ke3 Kh4 40. Nf4 Kg3 41. b3 h6 42. c3 Kh4 43. b4 cxb4 44. cxb4 axb4 45. axb4 h5 46. b5 Kg3 47. Nxh5+ Kxh3 48. Nf4+ Kg4 49. b6 Kg5 50. b7 Kf6 51. b8Q Ke7 52. Qe5+ Kd7 53. Kd4 Kc6 54. Qc5+ Kd7 55. Kd5 Kd8 56. Ke6 Ke8 57. Qe7# 1-0

[Event "World ol U16"]
[Site "Eindhoven"]
[Date "2023.08.15"]
[Round "4.24"]
[White "Gao, Lucy"]
[Black "Kaewwattha, Natrada"]
[Result "1/2-1/2"]
[WhiteElo "1618"]
[BlackElo "1411"]
[PlyCount "95"]
[EventDate "2023.08.13"]
[EventType "team-swiss"]
[EventRounds "9"]
[EventCountry "NED"]
[SourceTitle "CBM 215 Extra"]
[Source "ChessBase"]
[SourceDate "2023.09.30"]
[SourceVersion "1"]
[SourceVersionDate "2023.09.30"]
[SourceQuality "1"]
[WhiteTeam "Canada II"]
[BlackTeam "Thailand II"]
[WhiteTeamCountry "CAN"]
[BlackTeamCountry "THA"]

1. e4 c6 2. Nf3 d5 3. Nc3 Bg4 4. h3 Bxf3 5. Qxf3 e6 6. Be2 Nd7 7. d4 dxe4 8. Nxe4 Ngf6 9. 0-0 Nxe4 10. Qxe4 Nf6 11. Qd3 Qc7 12. g3 Bd6 13. c3 0-0 14. Kg2 Rad8 15. Qf3 c5 16. Bg5 Be7 17. dxc5 Qxc5 18. Be3 Qc7 19. h4 b6 20. h5 Nd5 21. Bd2 Qe5 22. Rae1 Nf6 23. Bf4 Qd5 24. g4 Qxf3+ 25. Bxf3 Nd5 26. Bc1 b5 27. g5 Bc5 28. Rh1 Rd6 29. Be4 Rfd8 30. Rh4 Ne7 31. Bc2 a6 32. Rhh1 Bb6 33. Rd1 Rxd1 34. Rxd1 Rxd1 35. Bxd1 Nf5 36. Bc2 g6 37. hxg6 hxg6 38. Bxf5 exf5 39. Be3 Bxe3 40. fxe3 Kf8 41. Kf3 Ke7 42. Kf4 Kd6 43. e4 fxe4 44. Kxe4 Ke6 45. b3 Kd6 46. c4 bxc4 47. bxc4 Kc5 48. Ke5 1/2-1/2

[Event "Canadian op"]
[Site "Calgary"]
[Date "2023.07.28"]
[Round "8"]
[White "Yin, Zeming"]
[Black "Gao, Lucy"]
[Result "0-1"]
[WhiteElo "1748"]
[BlackElo "1682"]
[PlyCount "66"]
[EventDate "2023.07.22"]
[EventType "swiss"]
[EventRounds "10"]
[EventCountry "CAN"]
[SourceTitle "EXT 2024"]
[Source "ChessBase"]
[SourceDate "2023.10.10"]
[SourceVersion "1"]
[SourceVersionDate "2023.10.10"]
[SourceQuality "1"]

1. e4 c5 2. c3 d5 3. exd5 Qxd5 4. Nf3 Nc6 5. Na3 a6 6. Be2 e5 7. Bc4 Qd6 8. Ng5 Nh6 9. 0-0 Qg6 10. d3 Be7 11. Ne4 0-0 12. Be3 b6 13. Nc2 Kh8 14. f3 f5 15. Nf2 f4 16. Bd2 Nf5 17. Kh1 Ng3+ 18. Kg1 Nxf1 19. Qxf1 Bh4 20. a4 Ne7 21. Ne4 Nf5 22. Bd5 Ra7 23. b4 Be7 24. a5 cxb4 25. Qf2 Rd7 26. Bb3 Rxd3 27. Bc4 Bb7 28. Bxd3 Bxe4 29. Qe2 Bc5+ 30. Kf1 Bxd3 31. Qxd3 Ng3+ 32. hxg3 Qxd3+ 33. Ke1 bxc3 0-1

[Event "Canadian op"]
[Site "Calgary"]
[Date "2023.07.26"]
[Round "6"]
[White "Radic, Dejan"]
[Black "Gao, Lucy"]
[Result "1/2-1/2"]
[WhiteElo "1464"]
[BlackElo "1682"]
[PlyCount "83"]
[EventDate "2023.07.22"]
[EventType "swiss"]
[EventRounds "10"]
[EventCountry "CAN"]
[SourceTitle "EXT 2024"]
[Source "ChessBase"]
[SourceDate "2023.10.10"]
[SourceVersion "1"]
[SourceVersionDate "2023.10.10"]
[SourceQuality "1"]

1. e4 c5 2. Nc3 g6 3. f4 Bg7 4. Nf3 a6 5. g3 Nc6 6. Bg2 e6 7. d3 d5 8. e5 Nge7 9. 0-0 0-0 10. g4 f6 11. exf6 Bxf6 12. Re1 Nd4 13. Ne2 Nec6 14. Nexd4 Nxd4 15. Ne5 Qc7 16. c3 Nc6 17. Nf3 Bd7 18. h3 b5 19. Re2 Rad8 20. Bd2 Qd6 21. Qe1 b4 22. Rb1 Rb8 23. Ne5 bxc3 24. Bxc3 Bc8 25. g5 Bg7 26. Qg3 Ne7 27. h4 d4 28. Be1 Bb7 29. Bxb7 Rxb7 30. Qh2 Nd5 31. Bg3 Nc3 32. Rbe1 Nxe2+ 33. Rxe2 Bxe5 34. Rxe5 Rf5 35. Re2 Qd5 36. b3 Qf3 37. Qg2 Qxg2+ 38. Kxg2 Kf7 39. Kf3 Rb4 40. Kg4 Rb8 41. Rc2 Rd5 42. Rc4 1/2-1/2

[Event "Kingston Canada zt (Women)"]
[Site "Kingston"]
[Date "2022.04.17"]
[Round "8"]
[White "Ouellet, Maili Jade"]
[Black "Gao, Lucy"]
[Result "1-0"]
[WhiteElo "2179"]
[BlackElo "1585"]
[PlyCount "69"]
[EventDate "2022.04.13"]
[EventType "swiss"]
[EventRounds "9"]
[EventCountry "CAN"]
[SourceTitle "CBM 207 Extra"]
[Source "ChessBase"]
[SourceDate "2022.05.31"]
[SourceVersion "1"]
[SourceVersionDate "2022.05.31"]
[SourceQuality "1"]

1. d4 Nf6 2. c4 e6 3. Nc3 Bb4 4. f3 Bxc3+ 5. bxc3 d5 6. e3 0-0 7. cxd5 exd5 8. Bd3 b6 9. Ne2 Bb7 10. 0-0 Nbd7 11. g4 h6 12. h4 Re8 13. Ng3 Nf8 14. Qe2 Ne6 15. Qg2 c5 16. Nf5 Nh7 17. Bd2 Bc8 18. Rf2 Nef8 19. Qg3 Ng6 20. Rg2 Kh8 21. Nd6 Rf8 22. Nxf7+ Rxf7 23. Bxg6 Rf6 24. Bd3 Rf8 25. g5 h5 26. Bg6 Bf5 27. Bxh5 Qe7 28. Bg4 Bd3 29. f4 Be4 30. Rh2 b5 31. Be2 c4 32. h5 Qd6 33. g6 Nf6 34. h6 Rg8 35. Qg5 1-0

[Event "Kingston Canada zt (Women)"]
[Site "Kingston"]
[Date "2022.04.14"]
[Round "3"]
[White "D'Souza, Carina"]
[Black "Gao, Lucy"]
[Result "1/2-1/2"]
[WhiteElo "1466"]
[BlackElo "1585"]
[PlyCount "87"]
[EventDate "2022.04.13"]
[EventType "swiss"]
[EventRounds "9"]
[EventCountry "CAN"]
[SourceTitle "CBM 207 Extra"]
[Source "ChessBase"]
[SourceDate "2022.05.31"]
[SourceVersion "1"]
[SourceVersionDate "2022.05.31"]
[SourceQuality "1"]

1. e4 c5 2. Nf3 Nc6 3. Bb5 g6 4. c3 Bg7 5. d4 cxd4 6. cxd4 Nf6 7. Nc3 d5 8. Ne5 Bd7 9. Nxd7 Qxd7 10. e5 Ng8 11. Be3 e6 12. Rc1 Nge7 13. 0-0 0-0 14. f4 a6 15. Bxc6 Nxc6 16. Na4 Qe7 17. Nc5 Rac8 18. Qa4 f6 19. b4 Nd8 20. Rfe1 f5 21. Re2 h6 22. b5 axb5 23. Qxb5 g5 24. Rb2 Rf7 25. Rcb1 Rc7 26. g3 Kh7 27. Bd2 Nc6 28. Be3 Nd8 29. Kf2 gxf4 30. Bxf4 h5 31. h4 Bh6 32. Rh1 Nc6 33. Bxh6 Kxh6 34. Ke3 Nxe5 35. dxe5 Qxc5+ 36. Qxc5 Rxc5 37. Rhb1 Rcc7 38. Rb6 Rfe7 39. Rd6 Rc3+ 40. Kf4 Rc4+ 41. Kf3 Re4 42. Rdb6 Rxe5 43. Rxb7 Rxb7 44. Rxb7 1/2-1/2

[Event "Wch FIDE Online U12 Girls America qual"]
[Site "Tornelo INT"]
[Date "2020.12.01"]
[Round "1"]
[White "Wilson, Hannah"]
[Black "Gao, Lucy"]
[Result "1-0"]
[WhiteElo "1164"]
[BlackElo "1585"]
[PlyCount "131"]
[EventDate "2020.12.01"]
[EventType "swiss (rapid)"]
[EventRounds "7"]
[EventCountry "ISS"]
[SourceTitle "EXT 2022"]
[Source "ChessBase"]
[SourceDate "2021.10.06"]
[SourceVersion "1"]
[SourceVersionDate "2021.10.06"]
[SourceQuality "1"]

1. e4 e5 2. Nf3 Nc6 3. d4 exd4 4. Bc4 Nf6 5. e5 d5 6. Bb5 Ne4 7. Nxd4 Bd7 8. Bxc6 bxc6 9. 0-0 Be7 10. f3 Nc5 11. f4 Ne4 12. f5 c5 13. Nb3 c6 14. c4 d4 15. N1d2 Nxd2 16. Bxd2 f6 17. e6 Bc8 18. Qh5+ g6 19. fxg6 Bxe6 20. g7+ Kd7 21. gxh8Q Qxh8 22. Nxc5+ Bxc5 23. Qxc5 Qf8 24. Qxf8 Rxf8 25. Rac1 c5 26. Bg5 Ke7 27. Bh4 Rf7 28. b3 Bg4 29. Rc2 Kd6 30. Rxf6+ Rxf6 31. Bxf6 d3 32. Rd2 Be2 33. Kf2 Ke6 34. Bd8 Kf5 35. Be7 Ke5 36. Bxc5 a6 37. Ba7 Ke4 38. c5 Kd5 39. b4 Kc6 40. Bb6 Kb5 41. Rxe2 dxe2 42. Kxe2 Kc6 43. Kd3 h5 44. h3 Kd5 45. a4 h4 46. b5 axb5 47. axb5 Ke6 48. c6 Kd6 49. c7 Kd7 50. Kd4 Kc8 51. Kd5 Kd7 52. Kc5 Kc8 53. Ba7 Kb7 54. b6 Kc8 55. Kd5 Kb7 56. Ke5 Kc8 57. Kd6 Kb7 58. Ke7 Kc8 59. Ke8 Kb7 60. Kd8 Ka6 61. c8Q+ Kb5 62. Qf5+ Kb4 63. Qc2 Kb5 64. b7 Ka6 65. b8Q Ka5 66. Qa2# 1-0

[Event "CAN-ch U20 U1800"]
[Site "Toronto"]
[Date "2018.08.11"]
[Round "7.25"]
[White "Gao, Lucy"]
[Black "Qin, Vincent"]
[Result "1/2-1/2"]
[WhiteElo "1509"]
[BlackElo "1644"]
[PlyCount "81"]
[EventDate "2018.08.08"]
[EventType "swiss"]
[EventRounds "9"]
[EventCountry "CAN"]
[SourceTitle "EXT 2022"]
[Source "ChessBase"]
[SourceDate "2021.10.06"]
[SourceVersion "1"]
[SourceVersionDate "2021.10.06"]
[SourceQuality "1"]

1. e4 e5 2. Nf3 Nc6 3. d4 exd4 4. Bc4 Bc5 5. Ng5 Nh6 6. Nxf7 Nxf7 7. Bxf7+ Kxf7 8. Qh5+ g6 9. Qxc5 d6 10. Qb5 a6 11. Qb3+ Kg7 12. 0-0 Re8 13. f3 Qh4 14. c3 Re5 15. Bd2 Rh5 16. cxd4 Qxh2+ 17. Kf2 Qh4+ 18. Ke3 d5 19. Qc2 Be6 20. Na3 Re8 21. Rh1 Qg3 22. Rxh5 gxh5 23. Be1 Qg6 24. e5 Bf5 25. Qf2 Qh6+ 26. f4 Kf7 27. Bc3 Rg8 28. g3 b5 29. b4 Qf8 30. Qf3 Nxb4 31. Qxh5+ Ke6 32. Qf3 Nc6 33. Nb1 b4 34. Bb2 Qg7 35. Kf2 Be4 36. Qe3 Qg4 37. Nd2 Bf5 38. Rh1 Na5 39. Rh6+ Bg6 40. Rh4 Qf5 41. g4 1/2-1/2

[Event "CAN-ch U08 Girls"]
[Site "Sault Ste Marie"]
[Date "2017.07.08"]
[Round "5"]
[White "Ma, Lily"]
[Black "Gao, Lucy"]
[Result "0-1"]
[WhiteElo "820"]
[BlackElo "1167"]
[PlyCount "108"]
[EventDate "2017.07.06"]
[EventType "swiss"]
[EventRounds "9"]
[EventCountry "CAN"]
[SourceTitle "EXT 2022"]
[Source "ChessBase"]
[SourceDate "2021.10.06"]
[SourceVersion "1"]
[SourceVersionDate "2021.10.06"]
[SourceQuality "1"]

1. e4 e5 2. Nf3 Nc6 3. Bc4 Bc5 4. c3 Nf6 5. d4 exd4 6. cxd4 Bb4+ 7. Nc3 Nxe4 8. 0-0 Bxc3 9. d5 Ne5 10. bxc3 Nxc4 11. Qd4 Ncd6 12. Qxg7 Qf6 13. Bh6 Qxg7 14. Bxg7 Rg8 15. Be5 f6 16. Bxd6 Nxd6 17. Rfe1+ Kf7 18. Re2 b6 19. Rae1 Re8 20. h4 Rxe2 21. Rxe2 Ba6 22. Rd2 Ne4 23. Rc2 Bc4 24. g4 Bxd5 25. g5 fxg5 26. hxg5 d6 27. c4 Bb7 28. Kh2 Kg6 29. Kh3 Nxg5+ 30. Nxg5 Kxg5 31. Kg3 Rf8 32. Re2 Rf3+ 33. Kh2 Kf6 34. Kg1 h5 35. Re8 Kf7 36. Rh8 Rh3 37. Kf1 Kg7 38. Re8 Bf3 39. Re7+ Kf6 40. Ke1 Kxe7 41. Kd2 h4 42. a4 Rh1 43. Ke3 Rg1 44. a5 h3 45. c5 h2 46. Kd4 dxc5+ 47. Ke5 h1Q 48. Kf4 Rg4+ 49. Ke3 Qe1+ 50. Kd3 Rd4+ 51. Kc2 Qd1+ 52. Kb2 Qd2+ 53. Kb3 Rb4+ 54. Ka3 Qb2# 0-1